Statistics for Ecuador Provinces Capital Cities Quiz

Click here to take the quiz!

General Stats

  • This quiz has been taken 111 times
  • The average score is 16 of 24

Answer Stats

HintAnswer% Correct
PichinchaQuito
94%
GuayasGuayaquil
94%
AzuayCuenca
88%
LojaLoja
86%
EsmeraldasEsmeraldas
83%
ImbaburaIbarra
83%
ManabíPortoviejo
78%
TungurahuaAmbato
77%
ChimborazoRiobamba
72%
El OroMachala
72%
CotopaxiLatacunga
68%
NapoTena
65%
Zamora-ChinchipeZamora
65%
CarchiTulcán
65%
Santa ElenaSanta Elena
63%
PastazaPuyo
55%
BolívarGuaranda
52%
SucumbíosNueva Loja
52%
Los RíosBabahoyo
52%
CañarAzogues
49%
GalápagosPuerto Baquerizo Moreno
48%
Santo Domingo de los TsáchilasSanto Domingo de los Colorados
46%
Morona SantiagoMacas
43%
OrellanaPuerto Francisco de Orellana
29%

Score Distribution

Percentile by Number Answered

Percent of People with Each Score

Your Score History

You have not taken this quiz